| 000 | 00361nam a2200133Ia 4500 | ||
|---|---|---|---|
| 008 | 240624s9999 xx 000 0 und d | ||
| 041 | _aeng | ||
| 082 | _a332.632042 FAB | ||
| 100 | _aFABOZZI FRANK J | ||
| 245 | _aADVANCES IN THE VALUATION AND MANAGEMENT | ||
| 260 |
_c1999 _aPennsylvania _bJohn Wiley and Sons |
||
| 300 | _a311 : p. : cm. ; 24 | ||
| 365 |
_c _b30 |
||
| 999 |
_c10582 _d10582 |
||